MyGZULibrary

Gender and the political economy of development : (Record no. 8542)

MARC details
000 -LEADER
fixed length control field 01094cam a22003014a 4500
001 - CONTROL NUMBER
control field 12435333
003 - CONTROL NUMBER IDENTIFIER
control field GZU
005 - DATE AND TIME OF LATEST TRANSACTION
control field 20210520125418.0
008 - FIXED-LENGTH DATA ELEMENTS--GENERAL INFORMATION
fixed length control field 010608s2002 mau b 001 0 eng
010 ## - LIBRARY OF CONGRESS CONTROL NUMBER
LC control number 2001036281
020 ## - INTERNATIONAL STANDARD BOOK NUMBER
International Standard Book Number 0745614906
020 ## - INTERNATIONAL STANDARD BOOK NUMBER
International Standard Book Number 0745614914 (pbk.)
040 ## - CATALOGING SOURCE
Original cataloging agency DLC
Transcribing agency DLC
Modifying agency DLC
042 ## - AUTHENTICATION CODE
Authentication code pcc
050 00 - LIBRARY OF CONGRESS CALL NUMBER
Classification number HQ1240 RAI 2002
Item number .R35 2002
082 00 - DEWEY DECIMAL CLASSIFICATION NUMBER
Classification number 305.3
Edition number 21
100 1# - MAIN ENTRY--PERSONAL NAME
Personal name Rai, Shirin.
245 10 - TITLE STATEMENT
Title Gender and the political economy of development :
Remainder of title from nationalism to globalization /
Statement of responsibility, etc. Shirin M. Rai.
260 ## - PUBLICATION, DISTRIBUTION, ETC.
Place of publication, distribution, etc. Malden, Mass. :
Name of publisher, distributor, etc. Polity Press,
Date of publication, distribution, etc. 2002.
300 ## - PHYSICAL DESCRIPTION
Extent viii, 264 p. ;
Dimensions 24 cm.
500 ## - GENERAL NOTE
General note Includes bibliography
504 ## - BIBLIOGRAPHY, ETC. NOTE
Bibliography, etc. note Includes bibliographical references (p. [217]-252) and index.
650 #0 - SUBJECT ADDED ENTRY--TOPICAL TERM
Topical term or geographic name entry element Women in development.
650 #0 - SUBJECT ADDED ENTRY--TOPICAL TERM
Topical term or geographic name entry element Economic development
General subdivision Social aspects.
906 ## - LOCAL DATA ELEMENT F, LDF (RLIN)
a 7
b cbc
c orignew
d 1
e ocip
f 20
g y-gencatlg
942 ## - ADDED ENTRY ELEMENTS (KOHA)
Source of classification or shelving scheme Library of Congress Classification
Koha item type Books
Classification part 1240
Item part RAI
Call number prefix HQ
Holdings
Withdrawn status Lost status Damaged status Not for loan Collection code Home library Current library Shelving location Date acquired Total Checkouts Full call number Barcode Date last seen Copy number Price effective from Koha item type
        Non-fiction Gender Resource Centre Gender Resource Centre General Stacks 05/20/2021   HQ1240 RAI 2002 001486 05/20/2021 c.1 05/20/2021 Books